Human molecular genetics

Kaydedildi:
Detaylı Bibliyografya
Yazar: Tom Strachan
Materyal Türü: Kitap
Dil:Undetermined
Baskı/Yayın Bilgisi: New York BIOS scientific 1996
Konular:
Etiketler: Etiketle
Etiket eklenmemiş, İlk siz ekleyin!
Thư viện lưu trữ: Trung tâm Học liệu Trường Đại học Cần Thơ
LEADER 00551nam a2200193Ia 4500
001 CTU_14732
008 210402s9999 xx 000 0 und d
020 |b 90df 
082 |a 611.01816 
082 |b S894 
100 |a Tom Strachan 
245 0 |a Human molecular genetics 
245 0 |c Tom Strachan, Andrew P Read 
260 |a New York 
260 |b BIOS scientific 
260 |c 1996 
650 |a human genetics,human molecular genetics 
904 |i Nguyễn Quang Điền, 970107 
980 |a Trung tâm Học liệu Trường Đại học Cần Thơ